[Event "57th Biel Master Open"]
[Site "Biel SUI"]
[Date "2024.07.15"]
[Round "1.26"]
[White "Kaiser, Elmar"]
[Black "Fromm, Marius"]
[Result "0-1"]
[BlackTitle "IM"]
[WhiteElo "2116"]
[BlackElo "2448"]
[WhiteFideId "4653416"]
[BlackFideId "12993190"]
[EventDate "2024.07.15"]

1. e4 c5 2. Nf3 e6 3. d4 cxd4 4. Nxd4 Nf6 5. Nc3 Nc6 6. Ndb5 Bc5 7. Bf4 O-O 8.
Bc7 Qe7 9. Bd6 Bxd6 10. Qxd6 Qd8 11. Be2 a6 12. Nd4 Ne7 13. O-O-O b5 14. g4 Ne8
15. Qg3 b4 16. Nb1 Bb7 17. Nd2 Rc8 18. Kb1 d6 19. h4 Qc7 20. Bd3 a5 21. Rc1 a4
22. c4 Qc5 23. Qe3 Nf6 24. f3 e5 25. Nc2 Qa5 26. Qe1 Nc6 27. Ne3 Nd7 28. Nf5 Nc5
29. Qe3 Rc7 30. Be2 Rd8 31. Nf1 Ne6 32. N1g3 Qc5 33. Qd2 Ncd4 34. Nh5 f6 35. Ne3
Qb6 36. Nd5 Bxd5 37. exd5 Nc5 38. Qe3 Ra8 39. Bd3 a3 40. b3 Ndxb3 41. axb3 a2+
42. Kc2 Ra3 43. Bf5 Rxb3 44. Qg1 Rc3+ 45. Kb2 Qa5 46. Rxc3 bxc3+ 47. Kc2 Rb7 0-1

[Event "57th Biel Master Open"]
[Site "Biel SUI"]
[Date "2024.07.15"]
[Round "1.27"]
[White "Saraci, Nderim"]
[Black "Smirnov, Mark"]
[Result "0-1"]
[WhiteTitle "IM"]
[BlackTitle "CM"]
[WhiteElo "2447"]
[BlackElo "2111"]
[WhiteFideId "6351921"]
[BlackFideId "13764594"]
[EventDate "2024.07.15"]

1. Nf3 Nf6 2. d4 e6 3. c4 d5 4. g3 Bb4+ 5. Bd2 Be7 6. Bg2 O-O 7. O-O c6 8. Qc2
Nbd7 9. b3 b6 10. Nc3 Ba6 11. e4 dxc4 12. bxc4 Bxc4 13. Rfd1 b5 14. Bf4 b4 15.
Nb1 Bb5 16. a4 Ba6 17. Nbd2 c5 18. d5 exd5 19. exd5 Nxd5 20. Ne5 Nxf4 21. gxf4
Nxe5 22. Bxa8 Bd3 23. Qb2 Ng6 24. Qb3 c4 0-1

[Event "57th Biel Master Open"]
[Site "Biel SUI"]
[Date "2024.07.15"]
[Round "1.28"]
[White "Erne, Raphael"]
[Black "Petkidis, Anthony"]
[Result "1/2-1/2"]
[BlackTitle "IM"]
[WhiteElo "2108"]
[BlackElo "2428"]
[WhiteFideId "1341928"]
[BlackFideId "24673390"]
[EventDate "2024.07.15"]

1. c4 Nf6 2. g3 e6 3. Bg2 d5 4. Nf3 Be7 5. d4 O-O 6. Qc2 a5 7. O-O Nc6 8. a3 a4
9. cxd5 exd5 10. Nc3 Bd7 11. Bf4 Qc8 12. Rac1 Nd8 13. Ne5 Ra5 14. Qd2 Ne6 15.
Ne4 Nxf4 16. Nxf6+ Bxf6 17. Qxf4 Be6 18. Nd3 c6 19. Qd2 Ra7 20. e3 Bh3 21. Qb4
Bxg2 22. Kxg2 Re8 23. Nc5 Be7 24. Qd2 Bd6 25. Qc2 Bxc5 26. Qxc5 Ra8 27. Qc2 Re4
28. Qd2 Re6 29. h4 Rf6 30. Rc5 h5 31. Ra5 g6 1/2-1/2

[Event "57th Biel Master Open"]
[Site "Biel SUI"]
[Date "2024.07.15"]
[Round "1.29"]
[White "Amartuvshin, Ganzorig"]
[Black "Altantuya, Boldbaatar"]
[Result "1-0"]
[WhiteTitle "IM"]
[BlackTitle "WIM"]
[WhiteElo "2427"]
[BlackElo "2107"]
[WhiteFideId "4902548"]
[BlackFideId "4902785"]
[EventDate "2024.07.15"]

1. d4 Nf6 2. c4 e6 3. Nf3 b6 4. g3 Bb7 5. Bg2 Be7 6. O-O O-O 7. Nc3 Ne4 8. Bd2
d5 9. cxd5 exd5 10. Rc1 Nd7 11. Bf4 c5 12. dxc5 Nxc3 13. Rxc3 bxc5 14. Ne5 g5
15. Nxd7 Qxd7 16. Bc1 d4 17. Bxb7 Qxb7 18. Rc2 a5 19. Qd3 Qa6 20. Rc4 Qg6 21.
Qd1 Qe6 22. Qd3 Qg6 23. b3 a4 24. bxa4 Ra6 25. Qb3 Qh5 26. f3 Rh6 27. Rf2 Bd6
28. Rg2 Rb8 29. Qd3 Re6 30. a5 Be7 31. Rf2 Qg6 32. Kg2 Ra6 33. Bd2 Rb2 34. e4 g4
35. f4 Rxa2 36. Qb1 Ra3 37. f5 Qc6 38. Qb8+ Kg7 39. Qe5+ Bf6 40. Qf4 h5 41. h3
gxh3+ 42. Kh2 Ra1 43. Kxh3 Kg8 44. Qb8+ Kg7 45. Re2 d3 46. Rf2 Bd4 47. Rxd4 cxd4
48. f6+ Kh7 49. Qf4 Qe6+ 50. Kh2 Qg4 51. Qh6+ Kg8 52. Bg5 1-0

[Event "57th Biel Master Open"]
[Site "Biel SUI"]
[Date "2024.07.15"]
[Round "1.30"]
[White "Lyutsinger, Iren"]
[Black "Gan-Erdene, Sugar"]
[Result "0-1"]
[BlackTitle "IM"]
[WhiteElo "2088"]
[BlackElo "2407"]
[WhiteFideId "34425969"]
[BlackFideId "4902980"]
[EventDate "2024.07.15"]

1. e4 c5 2. Nf3 e6 3. d4 cxd4 4. Nxd4 Nc6 5. Nc3 Qc7 6. Nxc6 bxc6 7. Bd3 Bd6 8.
h3 Ne7 9. O-O Ng6 10. Ne2 O-O 11. Be3 c5 12. c4 Bb7 13. f4 f5 14. Qc2 Rae8 15.
Rae1 e5 16. Nc3 exf4 17. exf5 Nh4 18. Nb5 Qc6 19. Nxd6 Qxd6 20. Bxf4 Qd4+ 21.
Qf2 Rxe1 22. Rxe1 Qxf2+ 23. Kxf2 Nxg2 24. Bd6 Nxe1 25. Kxe1 Rc8 26. Kf2 Kf7 27.
Ke3 Rc6 28. Bb8 Rh6 29. Bf1 Ra6 30. a3 d6 31. Bd3 Ke7 32. b4 Rxa3 33. bxc5 dxc5
34. Be5 Bg2 35. Kd2 Kf7 36. Bd6 Ra5 37. h4 Kf6 38. Ke3 Bc6 39. Kf4 Ra3 40. Ke3
Ra5 41. Kf4 Ra4 42. Ke3 Bd7 43. Bxc5 Bxf5 44. Bd4+ Ke6 45. Be2 g6 46. c5 Ra3+
47. Kf4 Kd5 48. Be3 Ra4+ 49. Kg5 Ke5 50. Bf2 Ra2 51. Bg3+ Kd5 0-1

[Event "57th Biel Master Open"]
[Site "Biel SUI"]
[Date "2024.07.15"]
[Round "1.31"]
[White "Juksta, Karolis"]
[Black "Coles, Robin"]
[Result "1-0"]
[WhiteTitle "IM"]
[WhiteElo "2400"]
[BlackElo "2084"]
[WhiteFideId "12809039"]
[BlackFideId "551017814"]
[EventDate "2024.07.15"]

1. d4 d5 2. c4 e6 3. Nc3 Nf6 4. Nf3 dxc4 5. e4 b5 6. e5 Nd5 7. Nxb5 Nb6 8. Be2
Nc6 9. Be3 Bb7 10. a3 Qd7 11. Nc3 Be7 12. Qc2 Na5 13. Rd1 O-O-O 14. O-O f5 15.
exf6 gxf6 16. Nd2 Rhg8 17. Bf3 Nd5 18. Nxd5 Bxd5 19. g3 Qc6 20. Bxd5 exd5 21.
Bf4 Nb7 22. b3 Bd6 23. bxc4 dxc4 24. d5 Qa6 25. Nxc4 Bxf4 26. Qf5+ Kb8 27. Qxf4
h5 28. Ne3 Qxa3 29. Ra1 Qd6 30. Qa4 a6 31. Rfc1 a5 32. Qc6 Ka7 33. Rcb1 Rb8 34.
Rb5 Qxc6 35. dxc6 Rg5 36. Rxg5 fxg5 37. cxb7 1-0

[Event "57th Biel Master Open"]
[Site "Biel SUI"]
[Date "2024.07.15"]
[Round "1.33"]
[White "Kalogridis, Antonios"]
[Black "Tarini, Goyal"]
[Result "1-0"]
[WhiteTitle "FM"]
[BlackTitle "WIM"]
[WhiteElo "2391"]
[BlackElo "2079"]
[WhiteFideId "25833901"]
[BlackFideId "5082749"]
[EventDate "2024.07.15"]

1. d4 d5 2. c4 e6 3. Nc3 Nf6 4. cxd5 exd5 5. Bg5 Be7 6. e3 c6 7. Bd3 Nbd7 8. h3
Nf8 9. Bf4 Ne6 10. Be5 Bd6 11. Nf3 O-O 12. O-O g6 13. Bxd6 Qxd6 14. Ne5 Ng7 15.
g4 Nd7 16. f4 f6 17. Nf3 b5 18. Qd2 Nb6 19. b3 a5 20. a4 b4 21. Nd1 Bd7 22. Nf2
Ne6 23. Kg2 Rae8 24. Rac1 Kh8 25. Rg1 Re7 26. Kh1 Be8 27. f5 gxf5 28. Bxf5 Ng7
29. Bb1 f5 30. Ne5 Qh6 31. Rg3 f4 32. exf4 Qxf4 33. Rf3 Qxf3+ 34. Nxf3 Rxf3 35.
Kg2 Rf6 36. Nd3 Nd7 37. Nf4 Ne6 38. Ne2 Ng5 39. Ng3 Nf3 40. Qc2 Nh4+ 41. Kh1 Bg6
42. Qd2 Nf3 43. Qf2 Ng5 44. Nf5 Bxf5 45. Bxf5 Ne4 46. Qh4 Ref7 47. Re1 Nf8 48.
Kg2 Ng6 49. Bxg6 Rxg6 50. Rf1 Rxf1 51. Kxf1 Rf6+ 52. Ke2 Kg7 53. Ke3 Nd6 54.
Qg5+ Kf7 55. Qh5+ Kg7 56. g5 Re6+ 57. Kd3 Ne4 58. h4 Nf2+ 59. Kc2 Ne4 60. Qg4
Re7 61. Qc8 Nc3 62. Kd3 Rf7 63. Qxc6 Rf3+ 64. Kd2 Ne4+ 65. Ke2 Rxb3 66. Qh6+ Kg8
67. Qe6+ Kg7 68. h5 Ng3+ 69. Kd1 Rd3+ 70. Kc2 Rc3+ 71. Kb2 Ne4 72. Qe7+ Kg8 73.
h6 1-0

[Event "57th Biel Master Open"]
[Site "Biel SUI"]
[Date "2024.07.15"]
[Round "1.34"]
[White "Borner, Daniel"]
[Black "Vantika, Agrawal"]
[Result "0-1"]
[WhiteTitle "FM"]
[BlackTitle "IM"]
[WhiteElo "2075"]
[BlackElo "2390"]
[WhiteFideId "1301659"]
[BlackFideId "25050389"]
[EventDate "2024.07.15"]

1. e4 c5 2. Nf3 d6 3. d4 cxd4 4. Nxd4 Nf6 5. Nc3 a6 6. Bc4 e6 7. Bb3 b5 8. f3
Be7 9. Be3 O-O 10. Qd2 Bb7 11. O-O-O Nbd7 12. g4 Nc5 13. h4 b4 14. Nce2 a5 15.
Kb1 Nfd7 16. Bc4 Ne5 17. Bd3 d5 18. exd5 Ncxd3 19. cxd3 Qxd5 20. Nf4 Qd7 21. Qf2
Nxg4 22. fxg4 Bxh1 23. Rxh1 e5 24. Nf5 exf4 25. Bd4 Rfd8 26. Qxf4 Bf6 27. Bxf6
Qxd3+ 28. Ka1 Qd1+ 29. Qc1 Qxc1+ 30. Rxc1 gxf6 31. Kb1 Kf8 0-1

[Event "57th Biel Master Open"]
[Site "Biel SUI"]
[Date "2024.07.15"]
[Round "1.36"]
[White "Haugner, Jan"]
[Black "Boldoo, Erdenepurev"]
[Result "0-1"]
[BlackTitle "FM"]
[WhiteElo "2067"]
[BlackElo "2385"]
[WhiteFideId "24655244"]
[BlackFideId "4901037"]
[EventDate "2024.07.15"]

1. e4 c5 2. Nf3 e6 3. d4 cxd4 4. Nxd4 Nc6 5. Bf4 d6 6. Nxc6 bxc6 7. Bd3 e5 8.
Be3 Be7 9. O-O Bg5 10. Qd2 Bxe3 11. Qxe3 Nf6 12. c4 O-O 13. Nc3 Be6 14. Rfd1 c5
15. Qe2 Qa5 16. a3 Rab8 17. Rdb1 Nd7 18. b4 Qc7 19. b5 Qa5 20. Nd1 Nb6 21. Ne3
a6 22. a4 Ra8 23. Qe1 Qxe1+ 24. Rxe1 a5 25. Kf1 g6 26. g4 Kg7 27. Ke2 h5 28. h3
hxg4 29. hxg4 Rh8 30. Kd2 Rh2 31. Rf1 Kf6 32. Kc3 Kg5 33. f3 Rah8 34. Bc2 Kf4
35. Nd5+ Bxd5 36. cxd5 R8h3 37. Bd1 Rg2 38. Ra3 Rxg4 39. Kc2 Rg2+ 40. Kc1 Rhh2 0-1

[Event "57th Biel Master Open"]
[Site "Biel SUI"]
[Date "2024.07.15"]
[Round "1.38"]
[White "Perreard, Nicolas"]
[Black "Dotzer, Lukas"]
[Result "0-1"]
[BlackTitle "FM"]
[WhiteElo "2066"]
[BlackElo "2375"]
[WhiteFideId "1330861"]
[BlackFideId "1666975"]
[EventDate "2024.07.15"]

1. d4 Nf6 2. c4 e6 3. Nf3 d5 4. Nc3 c6 5. e3 Nbd7 6. Bd3 dxc4 7. Bxc4 b5 8. Be2
Be7 9. e4 b4 10. e5 bxc3 11. exf6 Bxf6 12. bxc3 O-O 13. O-O c5 14. Rb1 Qa5 15.
Qc2 Ba6 16. Bxa6 Qxa6 17. Ng5 Bxg5 18. Bxg5 cxd4 19. cxd4 Rfc8 20. Qd2 Nb6 21.
Be7 Nd5 22. Bc5 Rab8 23. h3 Rb7 24. Rb3 Rxb3 25. axb3 Rb8 26. Rb1 Rb5 27. Qg5 h6
28. Qd8+ Kh7 29. Qd7 Rb7 30. Qc8 Nf4 31. Kh2 Qb5 32. Bd6 Nd5 33. Qc2+ g6 34. Qc8
Rd7 35. Bf8 Rc7 36. Qd8 Qd3 37. Qh4 h5 38. Ra1 Qf5 39. Bd6 Rc2 40. Kg1 Nc3 41.
Be5 a5 42. f3 Ne2+ 43. Kh1 Ra2 44. Rc1 Rd2 45. Qd8 Qxe5 0-1

[Event "57th Biel Master Open"]
[Site "Biel SUI"]
[Date "2024.07.15"]
[Round "1.39"]
[White "Rosen, Eric"]
[Black "Udipi, Kala Kishan"]
[Result "1-0"]
[WhiteTitle "IM"]
[WhiteElo "2374"]
[BlackElo "2065"]
[WhiteFideId "2032562"]
[BlackFideId "134178753"]
[EventDate "2024.07.15"]

1. d4 d5 2. Bf4 Nf6 3. e3 c5 4. Nf3 e6 5. Nbd2 Bd6 6. Bb5+ Nc6 7. Bg3 O-O 8. c3
a6 9. Bxc6 bxc6 10. Qa4 Bb7 11. Bxd6 Qxd6 12. Qa3 Nd7 13. Nb3 e5 14. Nxe5 Nxe5
15. dxe5 Qxe5 16. Qxc5 f5 17. Na5 Rab8 18. O-O f4 19. exf4 Rxf4 20. Rae1 Re4 21.
Rxe4 Qxe4 22. Qa7 Qe5 23. Nxb7 Qc7 24. Qxa6 Rxb7 25. Qe2 h6 26. Re1 Kh7 27. Qd3+
Kg8 28. Re8+ Kf7 29. Re2 Qd7 30. b3 Rb8 31. Qe3 Rb7 32. h3 Rc7 33. Qc5 Rc8 34.
a4 Ra8 35. a5 Rb8 36. b4 Rb5 37. Qd4 c5 38. bxc5 Rxa5 39. c4 Qc6 40. cxd5 Qxc5
41. Qf4+ 1-0

[Event "57th Biel Master Open"]
[Site "Biel SUI"]
[Date "2024.07.15"]
[Round "1.40"]
[White "Khulan, Enkhsaikhan"]
[Black "Hafiz, Arif Abdul"]
[Result "0-1"]
[WhiteTitle "FM"]
[BlackTitle "FM"]
[WhiteElo "2065"]
[BlackElo "2367"]
[WhiteFideId "4902122"]
[BlackFideId "7104227"]
[EventDate "2024.07.15"]

1. d4 Nf6 2. c4 g6 3. Nc3 d5 4. cxd5 Nxd5 5. e4 Nxc3 6. bxc3 Bg7 7. Nf3 c5 8.
Bb5+ Bd7 9. Bxd7+ Qxd7 10. Rb1 O-O 11. O-O Rd8 12. Be3 cxd4 13. cxd4 Nc6 14. d5
Ne5 15. Nxe5 Bxe5 16. Qb3 b6 17. Rbc1 Rac8 18. a4 e6 19. dxe6 Qxe6 20. Qxe6 fxe6
21. f4 Bd6 22. Kf2 Kf7 23. Kf3 Ba3 24. Rxc8 Rxc8 25. Rd1 Ke8 26. Rd3 Be7 27. f5
exf5 28. exf5 gxf5 29. a5 bxa5 30. Rd5 Rc3 31. Rxf5 Bd8 32. Ke4 Bb6 33. Bd2 Rc4+
34. Kd3 Rd4+ 35. Kc2 a4 36. Rh5 a3 37. Rh3 Rc4+ 38. Kb3 a2 39. Kxa2 Rc2+ 40. Kb3
Rxd2 41. Rxh7 Rxg2 42. h4 Kf8 0-1

[Event "57th Biel Master Open"]
[Site "Biel SUI"]
[Date "2024.07.15"]
[Round "1.41"]
[White "Narayanan, Samrug"]
[Black "Monteverde, Jonathan"]
[Result "1-0"]
[WhiteTitle "FM"]
[WhiteElo "2361"]
[BlackElo "2059"]
[WhiteFideId "30914051"]
[BlackFideId "1314580"]
[EventDate "2024.07.15"]

1. e4 c5 2. Nf3 d6 3. Bb5+ Nd7 4. a4 Nf6 5. Nc3 a6 6. Be2 g6 7. a5 Bg7 8. O-O e5
9. d3 h6 10. Nd2 O-O 11. Nc4 Ne8 12. f4 exf4 13. Bxf4 Ne5 14. Nxe5 Bxe5 15. Bxe5
dxe5 16. Qd2 Kg7 17. Na4 Be6 18. Nb6 Rb8 19. Rf2 Nf6 20. Raf1 Nxe4 21. Qe3 Nxf2
22. Qxe5+ Qf6 23. Qxf6+ Kxf6 24. Rxf2+ Kg7 25. Bf3 f5 26. Re2 Rfe8 27. Re5 Kf6
28. Rxc5 Re7 29. d4 Rd8 30. d5 Bf7 31. Kf2 g5 32. g3 g4 33. Be2 Re5 34. c4 Re7
35. b4 Rde8 36. Bf1 Re3 37. d6 Rf3+ 38. Kg2 Re1 39. d7 Rd1 40. Nd5+ Bxd5 41.
d8=Q+ Kg6 42. Rxd5 Rdxf1 43. Rd6+ 1-0

[Event "57th Biel Master Open"]
[Site "Biel SUI"]
[Date "2024.07.15"]
[Round "1.42"]
[White "Saine, Zachary"]
[Black "Munguntuul, Batkhuyag"]
[Result "1/2-1/2"]
[BlackTitle "IM"]
[WhiteElo "2058"]
[BlackElo "2356"]
[WhiteFideId "2624346"]
[BlackFideId "4900758"]
[EventDate "2024.07.15"]

1. e4 c5 2. Nf3 e6 3. d4 cxd4 4. Nxd4 Nc6 5. Nc3 Qc7 6. Be3 a6 7. a3 b5 8. Nxc6
Qxc6 9. Bd3 Bb7 10. Qd2 Nf6 11. f3 b4 12. Ne2 bxa3 13. bxa3 d5 14. e5 Nd7 15.
Nd4 Qc7 16. f4 Be7 17. O-O O-O 18. a4 Nc5 19. a5 f5 20. Rfb1 Bc8 21. Rb6 Bd7 22.
Rab1 Rfc8 23. Qe2 Nxd3 24. Qxd3 Bc5 25. Rxa6 Rxa6 26. Qxa6 Bxd4 27. Bxd4 Qxc2
28. Qb7 Qe4 29. Bf2 Qxf4 30. Rf1 Qa4 31. a6 d4 32. a7 d3 33. Be3 h6 34. h3 Re8
35. Rc1 d2 36. Bxd2 Qd4+ 37. Kh2 Qxd2 38. a8=Q Qf4+ 39. g3 Qxc1 40. Qa2 Bc6 41.
Qbb1 Qe3 42. Qxf5 Kh8 43. Qfc2 Rd8 44. Qxc6 Rd2+ 45. Qxd2 Qxd2+ 46. Qg2 Qe3 47.
Qb2 h5 48. Qb8+ Kh7 49. Qd6 h4 50. gxh4 Qf2+ 51. Kh1 Qf3+ 52. Kh2 Qf2+ 53. Kh1
Qf3+ 1/2-1/2

[Event "57th Biel Master Open"]
[Site "Biel SUI"]
[Date "2024.07.15"]
[Round "1.50"]
[White "Tellarini, Lorenzo"]
[Black "Jain, Kashish Manoj"]
[Result "1/2-1/2"]
[BlackTitle "FM"]
[WhiteElo "2002"]
[BlackElo "2308"]
[WhiteFideId "28548655"]
[BlackFideId "35081098"]
[EventDate "2024.07.15"]

1. e4 c5 2. Nf3 d6 3. Bb5+ Nd7 4. d4 cxd4 5. Qxd4 a6 6. Bxd7+ Bxd7 7. c4 e5 8.
Qd3 b5 9. Nfd2 Nf6 10. Nc3 Qb6 11. O-O Be7 12. b3 O-O 13. a4 Qd4 14. Qxd4 exd4
15. Ne2 bxa4 16. bxa4 Bd8 17. Nxd4 Re8 18. f3 Rb8 19. Ba3 Bb6 20. Nb3 Ba7 21. c5
Bxa4 22. Na5 Bb5 23. Nxb5 Rxb5 24. Nc6 Bxc5+ 25. Bxc5 dxc5 26. Rxa6 c4 27. Ra5
Rxa5 28. Nxa5 Rc8 29. Rc1 c3 30. Nb3 Nh5 31. g3 g6 32. Nd4 Nf6 33. Rc2 Nd7 34.
Ne2 Ne5 35. Kg2 Rb8 36. Rxc3 Rb2 37. Kf2 1/2-1/2

[Event "57th Biel Master Open"]
[Site "Biel SUI"]
[Date "2024.07.15"]
[Round "1.51"]
[White "Gloeckler, Christian"]
[Black "Douguet, Claude"]
[Result "1-0"]
[WhiteTitle "FM"]
[WhiteElo "2304"]
[BlackElo "1994"]
[WhiteFideId "34608966"]
[BlackFideId "1316907"]
[EventDate "2024.07.15"]

1. e4 e5 2. Nf3 Nc6 3. Bb5 Nf6 4. O-O Nxe4 5. Re1 Nd6 6. Nxe5 Be7 7. Bf1 O-O 8.
Nf3 Nf5 9. d4 d5 10. a4 Bf6 11. c3 Re8 12. Rxe8+ Qxe8 13. Bf4 Qe7 14. a5 a6 15.
b4 g6 16. Bd3 Nd6 17. Nbd2 Bf5 18. Bxd6 Qxd6 19. Bxf5 gxf5 20. Qc2 Qf4 21. Re1
h5 22. Nf1 h4 23. Qd3 Kh8 24. h3 Rg8 25. Kh1 Ne7 26. b5 Rg6 27. bxa6 bxa6 28.
Qxa6 Bxd4 29. Qb5 Bf6 30. Rxe7 Bxe7 31. Qe8+ Kg7 32. Qxe7 Re6 33. Qc5 Qc1 34.
Kg1 c6 35. Nd4 Re1 36. Nxf5+ Kh7 37. Ne3 1-0

[Event "57th Biel Master Open"]
[Site "Biel SUI"]
[Date "2024.07.15"]
[Round "1.52"]
[White "Hartmann, Wolfgang"]
[Black "Toktomushev, Teimur"]
[Result "0-1"]
[BlackTitle "FM"]
[WhiteElo "1983"]
[BlackElo "2300"]
[WhiteFideId "12977373"]
[BlackFideId "14176726"]
[EventDate "2024.07.15"]

1. c4 e6 2. g3 d5 3. Bg2 Nf6 4. Nf3 Be7 5. O-O O-O 6. b3 c5 7. e3 Nc6 8. Bb2 b6
9. Re1 Ba6 10. d3 Qc7 11. a3 Rfd8 12. Qc2 Rd7 13. Nc3 Rad8 14. Rad1 Qb8 15. Rd2
Bb7 16. cxd5 Nxd5 17. Nxd5 Rxd5 18. Red1 Qa8 19. h4 R5d7 20. Ng5 h6 21. Ne4 f5
22. Qc4 Rd5 23. Nc3 Ne5 24. Nxd5 Nxc4 25. Nxe7+ Kf7 26. Bxb7 Qxb7 27. dxc4 Rxd2
28. Rxd2 Qxe7 29. Bc3 g5 30. hxg5 hxg5 31. Be5 Qb7 32. Kh2 Kg6 33. Rd6 Kh5 34.
Rd2 Kg4 35. Bc3 Kf3 36. e4 Qxe4 37. Bf6 Qb1 0-1

[Event "57th Biel Master Open"]
[Site "Biel SUI"]
[Date "2024.07.15"]
[Round "1.53"]
[White "Shoshin, Kirill"]
[Black "Hornung, Hans"]
[Result "1-0"]
[WhiteTitle "FM"]
[WhiteElo "2277"]
[BlackElo "1977"]
[WhiteFideId "34167061"]
[BlackFideId "4615140"]
[EventDate "2024.07.15"]

1. d4 Nf6 2. c4 e6 3. Nc3 Bb4 4. e3 b6 5. Ne2 c5 6. a3 Ba5 7. Nf4 Bxc3+ 8. bxc3
O-O 9. Bd3 Nc6 10. O-O Ba6 11. Re1 Na5 12. e4 Bxc4 13. e5 Ne8 14. Bxh7+ Kxh7 15.
Qh5+ Kg8 16. Re3 f5 17. Ng6 Nf6 18. exf6 Qxf6 19. Rh3 cxd4 20. Bg5 1-0

[Event "57th Biel Master Open"]
[Site "Biel SUI"]
[Date "2024.07.15"]
[Round "1.59"]
[White "Munkhzul, Turmunkh"]
[Black "Stefan, Iulia-Cristiana"]
[Result "1-0"]
[WhiteTitle "WGM"]
[WhiteElo "2250"]
[BlackElo "1953"]
[WhiteFideId "4901878"]
[BlackFideId "1273876"]
[EventDate "2024.07.15"]

1. e4 e5 2. Nf3 Nc6 3. Bb5 a6 4. Bxc6 dxc6 5. Nc3 Bd6 6. d4 exd4 7. Qxd4 f6 8.
Be3 Be6 9. O-O-O Ne7 10. Kb1 Ng6 11. Na4 b6 12. Nxb6 Rb8 13. Nc4 Kf7 14. Nxd6+
cxd6 15. Qa7+ Ne7 16. Nd4 Qc8 17. Nxe6 Qxe6 18. Qd4 Rhd8 19. f3 d5 20. Bc1 dxe4
21. Qxe4 Qxe4 22. fxe4 Ng6 23. c3 Ke6 24. Kc2 Ke5 25. Rxd8 Rxd8 26. Re1 Nf8 27.
Be3 Ne6 28. Bf2 Ng5 29. Bd4+ Ke6 30. b4 Re8 31. h4 Nf7 32. a4 Kd7 33. Kd3 Nd6
34. Re2 Nb7 35. e5 fxe5 36. Rxe5 Rf8 37. Rg5 g6 38. h5 Rg8 39. c4 Kc8 40. c5 Nd8
41. hxg6 hxg6 42. Kc4 Ne6 43. Rg4 Kd7 44. Rh4 Ng5 45. Bf6 Nf7 46. Re4 Re8 47.
Rxe8 Kxe8 48. b5 axb5+ 49. axb5 cxb5+ 50. Kxb5 Kd7 51. Kb6 Ke6 52. Bh4 Kd7 53.
c6+ Kc8 54. Kc5 g5 55. Bg3 Nh6 56. Be5 Nf5 57. g3 g4 58. Kd5 Ne7+ 59. Kd6 Nf5+
60. Ke6 Ne3 61. Bf4 Ng2 62. Kf5 Nxf4 63. Kxf4 Kc7 64. Kxg4 Kxc6 65. Kf5 1-0

[Event "57th Biel Master Open"]
[Site "Biel SUI"]
[Date "2024.07.16"]
[Round "2.1"]
[White "Vantika, Agrawal"]
[Black "Aryan, Chopra"]
[Result "1/2-1/2"]
[WhiteTitle "IM"]
[BlackTitle "GM"]
[WhiteElo "2390"]
[BlackElo "2632"]
[WhiteFideId "25050389"]
[BlackFideId "5084423"]
[EventDate "2024.07.15"]

1. d4 Nf6 2. c4 e6 3. Nf3 d5 4. g3 dxc4 5. Bg2 a6 6. O-O Nc6 7. a4 Rb8 8. a5 Bb4
9. Na3 Bxa5 10. Nxc4 Bb4 11. Qb3 Be7 12. Rd1 O-O 13. e4 Bd7 14. Nfe5 Na7 15. Be3
Nb5 16. Rac1 Nd6 17. Nxd7 Nxd7 18. Ne5 c6 19. h4 Nb5 20. f4 Nxe5 21. fxe5 Rc8
22. d5 cxd5 23. exd5 Rxc1 24. Rxc1 exd5 25. Qxd5 Qxd5 26. Bxd5 h5 27. Bxb7 a5
28. Bd5 Rd8 29. Ba2 1/2-1/2

[Event "57th Biel Master Open"]
[Site "Biel SUI"]
[Date "2024.07.16"]
[Round "2.2"]
[White "Mendonca, Leon Luke"]
[Black "Thavandiran, Shiyam"]
[Result "1/2-1/2"]
[WhiteTitle "GM"]
[BlackTitle "IM"]
[WhiteElo "2615"]
[BlackElo "2387"]
[WhiteFideId "35028561"]
[BlackFideId "2605058"]
[EventDate "2024.07.15"]

1. e4 e6 2. d4 d5 3. e5 c5 4. c3 Nc6 5. Nf3 Bd7 6. Be2 Nge7 7. Na3 cxd4 8. cxd4
f6 9. O-O fxe5 10. Nxe5 Nxe5 11. dxe5 Ng6 12. Bd3 Nxe5 13. Qh5+ Nf7 14. Re1 Be7
15. Bf4 g6 16. Qe2 a6 17. Nc2 Bf6 18. Ne3 O-O 19. Ng4 Bg7 20. Qd2 Qb6 21. Re2
Qd4 22. h3 e5 23. Be3 Qa4 24. Bc2 Qb5 25. Bb3 Be6 26. Rae1 h5 27. Nh6+ Kh7 28.
Nxf7 Bxf7 29. Bg5 e4 30. Be7 Rfe8 31. Qg5 Kg8 32. Bf6 Bxf6 33. Qxf6 Qc6 34. Qd4
Rac8 35. Rd1 Red8 36. Red2 Qc5 37. Qe5 Re8 38. Qg5 e3 39. Bxd5 Kg7 40. fxe3 Rcd8
41. Kh2 Rd7 42. Rd3 Qc7+ 43. Qg3 Qxg3+ 44. Kxg3 Bxd5 45. Rxd5 Rxe3+ 46. Kf2 Rde7
47. Rd7 Kh6 48. Rxe7 Rxe7 49. Rd6 Rc7 50. Rb6 Kg5 51. g3 Kf5 52. Kf3 g5 53. a4
g4+ 54. hxg4+ hxg4+ 55. Ke3 Ke5 56. Rb4 Rc2 57. Rxb7 Rg2 58. Re7+ Kf5 59. Rf7+
Ke5 60. Re7+ Kf5 61. Rf7+ 1/2-1/2

[Event "57th Biel Master Open"]
[Site "Biel SUI"]
[Date "2024.07.16"]
[Round "2.3"]
[White "Boldoo, Erdenepurev"]
[Black "Nesterov, Arseniy"]
[Result "1/2-1/2"]
[WhiteTitle "FM"]
[BlackTitle "GM"]
[WhiteElo "2385"]
[BlackElo "2602"]
[WhiteFideId "4901037"]
[BlackFideId "24198455"]
[EventDate "2024.07.15"]

1. d4 Nf6 2. c4 e6 3. Bf4 d5 4. cxd5 Nxd5 5. Bg3 c5 6. e4 Nf6 7. Nd2 cxd4 8. e5
Nd5 9. Ngf3 Nc6 10. Bd3 Bd7 11. a3 Be7 12. h4 h6 13. O-O Rc8 14. Rc1 O-O 15. Re1
b5 16. Nb3 b4 17. a4 Na5 18. Rxc8 Bxc8 19. Nbxd4 b3 20. Nxb3 Nb4 21. Nxa5 Qxa5
22. Bb1 Rd8 23. Qe2 Bb7 24. b3 Qd5 25. Be4 Qxe4 26. Qxe4 Bxe4 27. Rxe4 Rd3 28.
Rc4 Nd5 29. Rc8+ Kh7 30. Rb8 a5 31. h5 Bb4 32. Rb7 Kg8 33. Rb8+ Kh7 34. Rb7 Kg8
35. Rb8+ Kh7 36. Rb7 1/2-1/2